000 00607nam a2200229Ia 4500
003 OSt
005 20220923224849.0
006 a|||||r|||| 00| 0
007 ta
008 Pun
024 _a252,557
037 _cTextual
040 _aARTS
_cARTS
_bPun
041 _2Pun
_aPun
082 _aO153v, J2;N0
100 _aਗੋਪਾਲ ਸਿੰਘ
245 0 _aਪੰਜਾਬੀ ਸਾਹਿਤ ਦਾ ਇਤਿਹਾਸ
260 _c1962
650 _aਪੰਜਾਬੀ ਸਾਹਿਤ
942 _hO153v, J2;N0
_cTEXL
_2CC
999 _c374201
_d374201